Nauru Trivia Quiz - Statistieken

Algemene statistieken
  • Deze quiz is 246 keer genomen
  • De gemiddelde score is 9 van 18
Antwoordstatistieken
Hint Antwoord % Correct
Nauru is het op twee na _____ land ter wereld, achter het Vaticaan en Monaco Kleinste
94%
Aantal eiland waar Nauru uit bestaat 1
84%
Land dat in 1942 binnenviel en een groot deel van de volwassen mannelijke bevolking ontvoerde voor dwangarbeid op de Chuuk-eilanden Japan
81%
Hoofdstad Yaren
73%
61% van de mensen uit Nauru heeft ____, het hoogste percentage ter wereld Obesitas
70%
Ziekte die in 1920 ongeveer 18% van de bevolking doodde Spaanse griep
62%
Werkeloosheidsgraad in 2004 op de dichtstbijzijnde procent 90
49%
Levensverwachting van mannen op Nauru, op het dichtstbijzijnde jaar 59
47%
Van 2001 tot 2018 hield Australië dit soort mensen vast in Nauru Asielzoekers
41%
Metabolismestoornis die 40% van de bevolking treft, het hoogste percentage ter wereld Diabetes
38%
Wat de gele lijn op de vlag vertegenwoordigt Evenaar
38%
Hiervoor kregen ze 50 miljoen dollar van dit land Rusland
38%
Op 15 en 16 december 2009 erkende Nauru als 4e land deze 2 regio's als landen, noem er één Abchazië | Zuid-Ossetië
37%
Stof die werd gedolven, waardoor Nauru (kort) het rijkste land ter wereld was Fosfaat
34%
Naam van Nauru in het Nauruaans Naoero
28%
Enige dorp dat niet aan de kust ligt Arenibek
20%
Hoogste punt van Nauru Command Ridge
20%
Nauru heeft de hoogste percentage van gelovigen in deze Perzische religie Bahai
18%
Geen overeenkomende quizzen gevonden
Scoreverdeling
Procent van Mensen met Elke Score
Percentiel versus Aantal Correcte Antwoorden
Uw Scoregeschiedenis
U heeft deze quiz nog niet genomen